Jose Rizal : life, works and writings of a genius, writer, scientist and national hero / (Record no. 139)

MARC details
000 -LEADER
fixed length control field 00760nam a2200229 4500
003 - CONTROL NUMBER IDENTIFIER
control field OSt
005 - DATE AND TIME OF LATEST TRANSACTION
control field 20240604074423.0
008 - FIXED-LENGTH DATA ELEMENTS--GENERAL INFORMATION
fixed length control field 240604b |||||||| |||| 00| 0 eng d
020 ## - INTERNATIONAL STANDARD BOOK NUMBER
International Standard Book Number 9716420706
040 ## - CATALOGING SOURCE
Original cataloging agency DWCL-Main lib.
Transcribing agency OC
082 ## - DEWEY DECIMAL CLASSIFICATION NUMBER
Classification number Fil. 941.25 Z13j 1999
006 - FIXED-LENGTH DATA ELEMENTS--ADDITIONAL MATERIAL CHARACTERISTICS
fixed length control field a
100 ## - MAIN ENTRY--PERSONAL NAME
Personal name ZAIDE , GREGORIO F.
245 ## - TITLE STATEMENT
Title Jose Rizal : life, works and writings of a genius, writer, scientist and national hero /
260 ## - PUBLICATION, DISTRIBUTION, ETC.
Place of publication, distribution, etc. Quezon City, Philippines :
Name of publisher, distributor, etc. All-Nations Pub. Co., Inc.,
Date of publication, distribution, etc. c1999.
300 ## - PHYSICAL DESCRIPTION
Extent xxxii,
Other physical details 438 p. ;
Dimensions 22 cm.
504 ## - BIBLIOGRAPHY, ETC. NOTE
Bibliography, etc. note Includes bibliographical references and index.
650 ## - SUBJECT ADDED ENTRY--TOPICAL TERM
Topical term or geographic name entry element 1. Rizal y Alonzo, Jose.
650 ## - SUBJECT ADDED ENTRY--TOPICAL TERM
Topical term or geographic name entry element 2. Heroes–Philippines–Biography.
700 ## - ADDED ENTRY--PERSONAL NAME
Personal name GREGORIO F. ZAIDE
942 ## - ADDED ENTRY ELEMENTS (KOHA)
Source of classification or shelving scheme Dewey Decimal Classification
Suppress in OPAC No
Koha item type Book-Filipiniana
Call number prefix Fil.
Holdings
Withdrawn status Lost status Source of classification or shelving scheme Damaged status Not for loan Home library Current library Date acquired Source of acquisition Total Checkouts Full call number Barcode Date last seen Copy number Price effective from Koha item type Uniform Resource Identifier
    Dewey Decimal Classification     College Library College Library 01/06/2014 School Fund   Fil. 941.25 Z13j 1999 41957 06/04/2024 c1 06/04/2024 Book-Filipiniana
    Dewey Decimal Classification     College Library College Library 01/06/2014 School Fund   Fil. 941.25 Z13j 1999 50543 06/04/2024 c3 06/04/2024 Book-Filipiniana